000 01503nam0a22003251 4500
001 rc\4078943
005 20250610234727.0
035 _a(NLR Aleph) 007967757
090 _a8439802
_c8439802
100 _a20130415d1946 |||y0rusy50 ca
101 0 _arus
102 _aRU
105 _aa z |||||
200 1 _aСкорость окисления высокохромистых железо-хромо-алюминиевых сплавов
_e(Представлено акад. И.И. Черняевым 10.V.1946)
210 _aБ. м.
_cБ. и.
_d1946
215 _a813-816 с.
_cтабл., граф.
_d26
225 1 _aФизическая химия
300 _aБез тит. л. Описано по 1-й с. текста, на обл. только загл. журн. и указание отт.
300 _aОтт. из: "Доклады Акад. наук СССР". Новая серия. 1946. Т. 53, № 9. с. 813-816, с табл., граф.
300 _aЭкз. РНБ (Т30 Г-8/70): с автогр. авт.
320 _aБиблиогр.: Цитированная литература: с. 816
700 1 _aКорнилов
_bИ.И.
_f1904-
_gИван Иванович
701 1 _aШпикельман
_bА.И.
702 1 _4570
_7ca
_8rus
_aЧерняев
_bИ. И.
_f1893-1966
_gИлья Ильич
_9271188
_3RU\NLR\AUTH\770271244
801 0 _aRU
_bNLR
_gpsbo
801 1 _aRU
_bELAR
_2rusmarc
852 _aNLR
_jТ30 Г-8/70
942 _cBOOK
980 _aNB